|
|
|
|
| LEADER |
00000cam a2200000 a 4500 |
| 001 |
vtls001481988 |
| 003 |
SK-MaSNL |
| 005 |
20260302073643.0 |
| 008 |
240318s2004 xo a e 000 p slo |
| 015 |
|
|
|a SNBA2004/10-06016
|
| 020 |
|
|
|a 8096914723
|q (brož.)
|
| 035 |
|
|
|a SNK000437285
|
| 035 |
|
|
|a urn:nbn:sk:snk-amks9y
|
| 035 |
|
|
|a urn:nbn:sk:snk-am005arz
|
| 035 |
|
|
|a 8DAD539C-3EF4-4EBD-A214-C691360E30CF
|
| 040 |
|
|
|a SNK
|b slo
|c SNK
|e AACR2
|
| 041 |
0 |
|
|a slo
|
| 044 |
|
|
|a xo
|c SK
|
| 072 |
|
7 |
|a 821.162.4-1
|x Slovenská poézia
|2 konspekt
|
| 080 |
|
|
|a 821.162.4-1
|2 1981
|
| 100 |
1 |
|
|a Tomášik, Peter,
|d 1958-
|4 aut
|9 49256
|
| 245 |
1 |
0 |
|a Ani láska nevie kam
|c Peter Tomášik ; [fotografie Pavol Remiaš]
|
| 250 |
|
|
|a [1. vyd.]
|
| 260 |
|
|
|a Prievidza
|b [Peter Tomášik]
|c 2004
|
| 300 |
|
|
|a 78 s.
|b fotogr.
|c 16 cm
|
| 500 |
|
|
|a Vydav. podľa ISBN
|
| 500 |
|
|
|a Doslov Ondrej Nagaj
|
| 655 |
|
7 |
|a slovenská poézia
|2 SNKPH
|9 70444
|
| 700 |
1 |
|
|a Remiaš, Pavol,
|d 1949-
|4 pht
|9 124996
|
| 919 |
|
|
|a 80-969147-2-3
|
| 958 |
|
|
|a NB
|
| 999 |
|
|
|c 1161828
|d 1163758
|
| 952 |
|
|
|t P60, <03>, [BOOK], {603}
|a SNK
|b SNK
|y PREZ
|7 0
|p 17A0443693
|o snkSD 74209
|i snkKSP 12552/2004
|0 0
|1 0
|4 0
|d 2004-09-21
|l 0
|r 2025-11-21 00:00:00
|w 2026-02-24
|
| 952 |
|
|
|t P60, <04>, [BOOK], {604}
|a SNK
|b SNK
|y VYP
|7 0
|p 17A0450402
|o snkSD 74209 D1
|i snkKSP 14515/2004
|0 0
|1 0
|4 0
|d 2004-11-12
|f 1
|l 0
|r 2005-01-02 00:00:00
|w 2026-02-24
|